[Event "XXX Ogolnopolski Turniej Juniorow FERIE 2013"]
[Site "Bydgoszcz"]
[Date "1899-12-30"]
[Round "3.7"]
[White "Skoczek, Karolina"]
[Black "Kopaczewski, Adam"]
[Result "0-1"]
[WhiteTitle "II+"]
[BlackTitle "II"]
[WhiteElo "1548"]
[BlackElo "1456"]

1. e4 e5 2. Nf3 Nc6 3. d4 exd4 4. c3 Nge7 5. cxd4 d5 6. exd5 Nxd5 7. Bc4 Be6 8.
Bb3 Be7 9. O-O O-O 10. Nc3 Bf6 11. Re1 Qd7 12. Ne5 Bxe5 13. dxe5 Nxc3 14. Qxd7
Bxd7 15. bxc3 Rfe8 16. f4 Be6 17. Bc2 Rad8 18. Be3 Bc4 19. Rab1 Na5 20. a3 Bd3
21. Bxd3 Rxd3 22. Bd4 b6 23. Red1 Rxd1+ 24. Rxd1 Nc4 25. a4 Nb2 26. Ra1 c5 27.
Bf2 Rd8 28. h3 Rd1+ 29. Rxd1 Nxd1 30. Be1 Nb2 31. a5 bxa5 32. Bd2 a4 33. Bc1 Nd3
34. Ba3 Nxf4 35. Bxc5 Nd5 36. Bxa7 Nxc3 37. Bc5 Nb5 38. Kf2 a3 39. Bxa3 Nxa3 40.
Kf3 Nc4 41. Kf4 Kf8 42. Ke4 Ke7 43. Kd4 Nd2 44. h4 Ke6 45. Kd3 Nb3 46. Kc4 Kxe5
47. Kxb3 Kf4 48. h5 Kg3 49. h6 gxh6 0-1

[Event "XXX Ogolnopolski Turniej Juniorow FERIE 2013"]
[Site "Bydgoszcz"]
[Date "1899-12-30"]
[Round "3.9"]
[White "Perenc, Pawel"]
[Black "Borkowska, Zuzanna"]
[Result "1-0"]
[WhiteTitle "II"]
[BlackTitle "II"]
[WhiteElo "1519"]
[BlackElo "1247"]

1. d4 d5 2. c4 e6 3. Nc3 Nf6 4. Bg5 Be7 5. e3 O-O 6. Nf3 Nbd7 7. Bd3 dxc4 8. Bxc4
b6 9. O-O Bb7 10. Rc1 Ne4 11. Bxe7 Qxe7 12. Nxe4 Bxe4 13. Bd3 Bxd3 14. Qxd3 Nf6
15. h3 h6 16. Rc2 Nd5 17. a3 Rac8 18. Rfc1 a5 19. Ne5 Qd6 20. Rc6 Qd8 21. R6c2
Ne7 22. Nc6 Nxc6 23. Rxc6 Re8 24. Qc4 Re7 25. Rxb6 cxb6 26. Qxc8 Re8 27. Qxd8
Rxd8 28. Rc6 Rb8 29. Kf1 Kf8 30. Ke2 Ke8 31. Rc7 b5 32. b3 b4 33. axb4 Rxb4 34.
Rc3 Kd7 35. Kd3 a4 36. bxa4 Rxa4 37. e4 Ra1 38. Rc2 Rd1+ 39. Rd2 Rg1 40. f3 Ra1
41. e5 Ra5 42. Ke4 Ra4 43. g4 Ra1 44. Rd3 g5 45. d5 Ra4+ 46. Rd4 exd5+ 47. Kxd5
Rxd4+ 48. Kxd4 Ke6 49. Ke4 f6 50. exf6 Kxf6 51. Kd5 Kf7 52. Ke5 Ke7 53. Kd5 Kd7
54. Ke5 Ke7 55. f4 gxf4 56. Kxf4 Kf6 57. h4 Kg7 58. Kf5 Kf7 59. h5 Kg7 60. Ke6
Kg8 61. Kf6 Kh7 62. Kf7 Kh8 63. Kg6 Kg8 64. Kxh6 Kh8 65. g5 Kg8 66. g6 Kh8 67.
Kg5 Kg7 68. h6+ Kg8 69. Kf6 Kh8 70. g7+ Kg8 71. h7+ Kxh7 72. Kf7 Kh6 73. g8=Q
1-0

[Event "XXX Ogolnopolski Turniej Juniorow FERIE 2013"]
[Site "Bydgoszcz"]
[Date "1899-12-30"]
[Round "3.10"]
[White "Napierala, Jakub"]
[Black "Wierzbowska, Aleksandra"]
[Result "1/2-1/2"]
[WhiteTitle "III"]
[BlackTitle "II"]
[WhiteElo "1311"]
[BlackElo "1490"]

1. e4 c5 2. Nf3 Nc6 3. d4 cxd4 4. Nxd4 e5 5. Nb5 d6 6. N1c3 a6 7. Na3 b5 8. Nd5
Nf6 9. Bg5 Be7 10. Bxf6 Bxf6 11. c3 Bg5 12. Be2 O-O 13. O-O f5 14. Bf3 f4 15.
Nc2 Bh4 16. Bg4 Bxg4 17. Qxg4 Ra7 18. Rad1 Raf7 19. Qf3 Ne7 20. Ncb4 a5 21. Nxe7+
Bxe7 22. Nd5 Qb8 23. b3 h6 24. Qd3 Bg5 25. f3 Qa7+ 26. Kh1 Qb8 27. Kg1 Bh4 28.
Kh1 Re8 29. c4 b4 30. Rd2 Re6 31. Rc1 Qa7 32. Rb1 Rg6 33. Rbb2 Rg5 34. Qe2 Bg3
35. h3 Rh5 36. Qf1 Rf8 37. Qg1 Qd7 38. Qf1 Re8 39. Nb6 Qc6 40. Nd5 Re6 41. Rdc2
Kf7 42. Rd2 Rg6 43. Rdc2 Rh4 44. Rd2 Rg5 45. Rdc2 Rgh5 46. Re2 Qc8 47. Qg1 g5
48. Qa7+ 1/2-1/2

[Event "XXX Ogolnopolski Turniej Juniorow FERIE 2013"]
[Site "Bydgoszcz"]
[Date "1899-12-30"]
[Round "3.11"]
[White "Paliwoda, Borys"]
[Black "Jozwik, Kacper"]
[Result "1-0"]
[WhiteTitle "II"]
[BlackTitle "III"]
[WhiteElo "1481"]
[BlackElo "1309"]

1. e4 c5 2. Nf3 e6 3. d4 cxd4 4. Nxd4 a6 5. Nc3 Qc7 6. Be3 Nc6 7. Be2 b5 8. O-O
Bb7 9. Bd3 Nf6 10. Qe2 Bb4 11. Qe1 Ng4 12. g3 Nxe3 13. fxe3 Ne5 14. Nde2 Bc5 15.
Nd4 Qb6 16. Qf2 O-O 17. Nce2 Nc6 18. c3 e5 19. Nc2 Nd8 20. Rad1 Ne6 21. h4 d5
22. exd5 Nc7 23. b4 Bd6 24. e4 Qxf2+ 25. Rxf2 a5 26. a3 axb4 27. cxb4 Bc8 28.
Kg2 Bg4 29. Rc1 Bd7 30. Nc3 Rfb8 31. Rcf1 Rf8 32. Nd1 g6 33. Rd2 Kg7 34. Nde3
Rac8 35. Be2 Ra8 36. Rd3 Kg8 37. Rc3 Kg7 38. Bd3 Rh8 39. Ne1 h6 40. Nf3 Ra7 41.
Rb3 f6 42. Nd2 g5 43. h5 Rha8 44. Nb1 Re8 45. Nf5+ 1-0

[Event "XXX Ogolnopolski Turniej Juniorow FERIE 2013"]
[Site "Bydgoszcz"]
[Date "1899-12-30"]
[Round "3.12"]
[White "Blocinski, Maciej"]
[Black "Chalas, Dawid"]
[Result "1/2-1/2"]
[WhiteTitle "II"]
[BlackTitle "II"]
[WhiteElo "1375"]
[BlackElo "1343"]

1. d4 d5 2. c4 c6 3. Nc3 Nf6 4. Bg5 e6 5. e3 Be7 6. Nf3 O-O 7. Bd3 h6 8. Bf4 dxc4
9. Bxc4 Nd5 10. Nxd5 exd5 11. Bd3 Bg4 12. O-O Nd7 13. h3 Bh5 14. Be2 Bg6 15. Ne5
Nxe5 16. Bxe5 Bd6 17. Bxd6 Qxd6 18. Bd3 Rfe8 19. Bxg6 Qxg6 20. Qb3 Rab8 21. Rac1
Re6 22. Qb4 Qe4 23. Qa5 Rg6 24. g3 a6 25. Qc7 Qe8 26. Rc3 Qc8 27. Qxc8+ Rxc8 28.
Rb3 Rc7 29. Rc1 Rd6 30. Rc5 Rdd7 31. Rb6 f6 32. a4 Kf7 33. Kf1 Ke7 34. Ke2 Rd6
35. Kd3 Rdd7 36. b4 Rd6 37. b5 axb5 38. Rbxb5 Rd8 39. Rb6 Ra8 40. a5 1/2-1/2

[Event "XXX Ogolnopolski Turniej Juniorow FERIE 2013"]
[Site "Bydgoszcz"]
[Date "1899-12-30"]
[Round "3.13"]
[White "Wloch, Mikolaj"]
[Black "Wojnarowski, Szymon"]
[Result "0-1"]
[WhiteTitle "III"]
[BlackTitle "II"]
[WhiteElo "1287"]
[BlackElo "1612"]

1. e4 c6 2. Nf3 d5 3. exd5 cxd5 4. d4 Bf5 5. Bb5+ Nc6 6. Ne5 Qb6 7. Nc3 e6 8. Qe2
Rc8 9. Nxd5 Qxd4 10. Bxc6+ bxc6 11. Qa6 Qxe5+ 12. Be3 exd5 13. O-O-O Nf6 0-1

[Event "XXX Ogolnopolski Turniej Juniorow FERIE 2013"]
[Site "Bydgoszcz"]
[Date "1899-12-30"]
[Round "4.2"]
[White "Kroczka, Gromoslaw"]
[Black "Budnik, Mateusz"]
[Result "1-0"]
[WhiteTitle "II"]
[BlackTitle "II"]
[WhiteElo "1638"]
[BlackElo "1698"]

1. e4 c5 2. Nf3 Nc6 3. d4 cxd4 4. Nxd4 g6 5. Nc3 Bg7 6. Be3 d6 7. f3 Nf6 8. Qd2
O-O 9. O-O-O Bd7 10. g4 a6 11. h4 h5 12. gxh5 Nxh5 13. Be2 Rc8 14. Kb1 Ne5 15.
Bh6 Nc4 16. Bxc4 Rxc4 17. Bxg7 Kxg7 18. f4 f5 19. e5 dxe5 20. fxe5 Qb6 21. Nd5
Qxd4 22. Qxd4 Rxd4 23. Rxd4 Bc6 24. Rg1 Bxd5 25. Rxd5 f4 26. Rd3 Ng3 27. Rf3 Ne2
28. Rgf1 Rf5 29. c3 Rxe5 30. Kc2 Ng3 31. R1f2 Nh5 32. Kd3 Re1 33. Re2 Rxe2 34.
Kxe2 Kf6 35. Rd3 Kf5 36. Rd7 e5 37. Rxb7 Kg4 38. c4 Ng3+ 39. Ke1 e4 40. c5 e3
41. c6 f3 42. Rf7 f2+ 43. Rxf2 exf2+ 44. Kxf2 Ne4+ 45. Kg2 Nd6 46. h5 gxh5 47.
b4 1-0

[Event "XXX Ogolnopolski Turniej Juniorow FERIE 2013"]
[Site "Bydgoszcz"]
[Date "1899-12-30"]
[Round "4.3"]
[White "Dobosz, Kacper"]
[Black "Matewski, Marcin"]
[Result "1/2-1/2"]
[WhiteTitle "II"]
[BlackTitle "II+"]
[WhiteElo "1609"]
[BlackElo "1608"]

1. e4 e6 2. d4 d5 3. Nc3 Nf6 4. e5 Nfd7 5. f4 c5 6. Nf3 Nc6 7. Be3 c4 8. Be2 Bb4
9. O-O Bxc3 10. bxc3 Nb6 11. Qe1 Ne7 12. Nh4 Bd7 13. Qg3 g6 14. Qg5 Ng8 15. Rf2
Nc8 16. Qxd8+ Kxd8 17. g4 Nce7 18. h3 Kc7 19. Bc1 f5 20. g5 h6 21. Nf3 Nc6 22.
Ba3 Nd8 23. h4 b5 24. Bd6+ Kc6 25. a4 a5 26. Rff1 Nf7 27. axb5+ Kxb5 28. Rfb1+
Kc6 29. Ba3 hxg5 30. hxg5 Bc8 31. Rb2 Ra7 32. Bc5 Ra6 33. Rb8 Kc7 34. Rb2 Nd8
35. Rxa5 Rxa5 36. Bb6+ Kd7 37. Bxa5 Nc6 38. Bb4 Nge7 1/2-1/2

[Event "XXX Ogolnopolski Turniej Juniorow FERIE 2013"]
[Site "Bydgoszcz"]
[Date "1899-12-30"]
[Round "4.4"]
[White "Kopaczewski, Adam"]
[Black "Okonski, Mateusz"]
[Result "1/2-1/2"]
[WhiteTitle "II"]
[BlackTitle "III"]
[WhiteElo "1456"]
[BlackElo "1579"]

1. e4 d6 2. d4 Nf6 3. Nc3 g6 4. f4 Bg7 5. Nf3 Nc6 6. Bc4 O-O 7. e5 Ng4 8. h3 Nh6
9. Be3 Nf5 10. Qd2 Nxe3 11. Qxe3 Nb4 12. O-O-O a6 13. a3 Nc6 14. g4 e6 15. h4
b5 16. Ba2 b4 17. Ne4 bxa3 18. Qxa3 Rb8 19. exd6 cxd6 20. Qxd6 Qb6 21. Bb3 Rd8
22. Qc5 Nxd4 23. Nxd4 Bxd4 24. Rxd4 Rxd4 25. Nf6+ Kg7 26. Ne8+ Kg8 27. Nf6+ Kg7
28. Ne8+ Kg8 29. Nf6+ 1/2-1/2

[Event "XXX Ogolnopolski Turniej Juniorow FERIE 2013"]
[Site "Bydgoszcz"]
[Date "1899-12-30"]
[Round "4.5"]
[White "Proczek, Mateusz"]
[Black "Perenc, Pawel"]
[Result "1-0"]
[WhiteTitle "II"]
[BlackTitle "II"]
[WhiteElo "1554"]
[BlackElo "1519"]

1. e4 e5 2. Nf3 Nc6 3. Bb5 d6 4. c3 Bd7 5. d4 exd4 6. cxd4 a6 7. Bc4 Bg4 8. Be3
Nf6 9. Nc3 Be7 10. h3 Bxf3 11. Qxf3 O-O 12. O-O Re8 13. h4 b5 14. Bb3 Na5 15.
Bc2 h6 16. Rad1 Qd7 17. e5 Qg4 18. exf6 Qxf3 19. gxf3 Bxf6 20. Nd5 Bd8 21. Be4
c6 22. Nb4 d5 23. Bf5 Bxh4 24. Bd7 Re7 25. Bxc6 Rd8 26. Bxd5 Rd6 27. Rc1 Nc4 28.
Bxc4 bxc4 29. Rxc4 Rb7 30. b3 a5 31. Rc6 Rdd7 32. Nd3 Rb5 33. Rfc1 Rbd5 34. R1c5
Rxc5 35. Rxc5 Bf6 36. Rxa5 Bxd4 37. Bxd4 Rxd4 38. Ne5 1-0

[Event "XXX Ogolnopolski Turniej Juniorow FERIE 2013"]
[Site "Bydgoszcz"]
[Date "1899-12-30"]
[Round "4.6"]
[White "Szortyka, Dominik"]
[Black "Paliwoda, Borys"]
[Result "0-1"]
[WhiteTitle "II"]
[BlackTitle "II"]
[WhiteElo "1541"]
[BlackElo "1481"]

1. e4 c5 2. Nf3 e6 3. d4 cxd4 4. Nxd4 a6 5. c4 b6 6. Nc3 Qc7 7. Be2 Bb7 8. O-O
Nf6 9. f3 d6 10. Be3 Be7 11. Qb3 Nbd7 12. Na4 Bc6 13. Nxc6 Qxc6 14. Rac1 Rb8 15.
Nc3 O-O 16. Rfd1 Nc5 17. Bxc5 bxc5 18. Qc2 Rb7 19. b3 Qc7 20. Qd2 Nd7 21. f4 Nb8
22. Qe3 Nc6 23. Bf3 Nd4 24. e5 Rbb8 25. Bg4 h6 26. Ne2 dxe5 27. Qxe5 Bd6 28. Qe4
Nxe2+ 29. Qxe2 Bxf4 30. Rc2 Bxh2+ 31. Kh1 Bf4 32. Qf3 Bg5 33. Rf2 Rbd8 34. Rxd8
Qxd8 35. Qc6 Qc8 36. Qb6 Rd8 37. Qa7 Rd7 38. Qb6 Bd8 0-1

[Event "XXX Ogolnopolski Turniej Juniorow FERIE 2013"]
[Site "Bydgoszcz"]
[Date "1899-12-30"]
[Round "4.7"]
[White "Walczak, Mikolaj"]
[Black "Losinska, Aleksandra"]
[Result "1-0"]
[WhiteTitle "III"]
[BlackTitle "III"]
[WhiteElo "1399"]
[BlackElo "1190"]

1. e4 c5 2. Nf3 Nc6 3. d4 cxd4 4. Nxd4 e5 5. Nb5 d6 6. N1c3 a6 7. Na3 Nf6 8. Bg5
h6 9. Bxf6 Qxf6 10. Nd5 Qd8 11. c3 Ne7 12. Nxe7 Bxe7 13. Nc4 O-O 14. Be2 b5 15.
Ne3 Bb7 16. Nd5 Bf6 17. O-O Bg5 18. Re1 Re8 19. Bf1 Bc6 20. Qd3 Qb8 21. Nb4 Bb7
22. Rad1 Rd8 23. g3 h5 24. Bg2 g6 25. Nd5 Kf8 26. Rf1 Bc6 27. f4 exf4 28. gxf4
Bh6 29. f5 Bxd5 30. exd5 g5 31. f6 Kg8 32. Qh3 h4 33. Qg4 Qb6+ 34. Kh1 Re8 35.
Qh5 Kh7 36. Rfe1 Qf2 37. Qxf7+ Kh8 38. Rxe8+ Rxe8 39. Qxe8+ Kh7 40. Be4+ 1-0

[Event "XXX Ogolnopolski Turniej Juniorow FERIE 2013"]
[Site "Bydgoszcz"]
[Date "1899-12-30"]
[Round "4.8"]
[White "Kowalski, Roman"]
[Black "Skoczek, Karolina"]
[Result "1-0"]
[WhiteTitle "II"]
[BlackTitle "II+"]
[WhiteElo "1602"]
[BlackElo "1548"]

1. e4 c6 2. d4 d5 3. e5 Bf5 4. Bd3 Bxd3 5. Qxd3 e6 6. Nf3 Ne7 7. Nh4 Ng6 8. Nxg6
hxg6 9. Be3 Qc7 10. Nd2 Be7 11. f4 O-O 12. h4 c5 13. c3 cxd4 14. Bxd4 f5 15. Nf3
Qd8 16. Qe3 Kf7 17. Bxa7 Nd7 18. Bd4 Rh8 19. g3 Qc7 20. O-O Nc5 21. Ng5+ Kg8 22.
Kg2 Qc6 23. Rfc1 Ne4 24. Nxe4 dxe4 25. Rh1 Qd5 26. b3 Kf7 27. Rhd1 Qc6 28. Rd2
Rac8 29. c4 Bb4 30. Rdd1 Rhd8 31. a3 Be7 32. Rh1 Rh8 33. Rhc1 Rhd8 34. c5 Rxd4
35. Qxd4 Rd8 36. Qa4 Rd2+ 37. Kh3 Qd5 38. Qc4 Qc6 39. Rc2 Rxc2 40. Qxc2 Qxc5 41.
Qxc5 Bxc5 42. b4 Bf2 43. Kg2 Bb6 44. Rc1 g5 45. hxg5 Kg6 46. Rc8 Bd4 47. a4 b6
48. a5 bxa5 49. bxa5 Kh5 50. a6 Kg4 51. Rd8 1-0

[Event "XXX Ogolnopolski Turniej Juniorow FERIE 2013"]
[Site "Bydgoszcz"]
[Date "1899-12-30"]
[Round "4.9"]
[White "Wojnarowski, Szymon"]
[Black "Napierala, Jakub"]
[Result "1-0"]
[WhiteTitle "II"]
[BlackTitle "III"]
[WhiteElo "1612"]
[BlackElo "1311"]

1. f4 d5 2. b3 Nc6 3. e3 e5 4. fxe5 Nxe5 5. Qh5 Ng6 6. Bd3 Nf6 7. Qe2 Bg4 8. Qf2
Ne5 9. Be2 Bd6 10. Bb2 Ne4 11. Qf4 Nd3+ 12. cxd3 Bxf4 13. dxe4 Bxe2 14. Nxe2 Bh6
15. exd5 Qxd5 16. O-O O-O-O 17. Nd4 Bg5 18. Rf5 Bxe3+ 19. dxe3 Qd6 20. Rxf7 c5
21. Nd2 cxd4 22. Rc1+ Kb8 23. Bxd4 Rc8 24. Nc4 Qd8 25. Rcf1 Ka8 26. R1f5 Rxc4
27. bxc4 b6 28. Rd5 Qc8 29. Rdd7 Qa6 30. c5 Qxa2 31. cxb6 axb6 32. Rf1 Rb8 33.
Ra1 Qxa1+ 34. Bxa1 b5 35. Bd4 Rc8 36. Rxg7 b4 37. Rxh7 b3 38. Rh8 1-0

[Event "XXX Ogolnopolski Turniej Juniorow FERIE 2013"]
[Site "Bydgoszcz"]
[Date "1899-12-30"]
[Round "4.11"]
[White "Chalas, Dawid"]
[Black "Kulpinski, Jakub"]
[Result "1-0"]
[WhiteTitle "II"]
[BlackTitle "III"]
[WhiteElo "1343"]
[BlackElo "1406"]

1. e4 c5 2. Nf3 d6 3. d4 cxd4 4. Nxd4 Nf6 5. Nc3 g6 6. Bc4 Bg7 7. O-O Bd7 8. Be3
a6 9. a3 O-O 10. Qd2 Nc6 11. Nxc6 Bxc6 12. Bd3 e6 13. f4 Ng4 14. Rae1 d5 15. Bc5
Re8 16. e5 d4 17. Ne4 b6 18. Bd6 Bf8 19. Bxf8 Rxf8 20. Rf3 Ne3 21. Rh3 b5 22.
Nf6+ Qxf6 23. exf6 Nd5 24. Qf2 Nxf6 25. Qxd4 Nd5 26. Be4 Rad8 27. Bxd5 Bxd5 28.
Qf6 Rc8 29. c3 Rc4 30. Qh4 h5 31. Qg5 Kh7 32. Ree3 Rg8 33. Reg3 Kg7 34. Rxh5 Be4
35. Rgh3 Rcc8 36. Rh7+ Kf8 37. Qf6 Rg7 38. Rh8+ Rg8 39. Rxg8+ Kxg8 40. Rh8# 1-0

[Event "XXX Ogolnopolski Turniej Juniorow FERIE 2013"]
[Site "Bydgoszcz"]
[Date "1899-12-30"]
[Round "4.12"]
[White "Borkowska, Zuzanna"]
[Black "Blocinski, Maciej"]
[Result "0-1"]
[WhiteTitle "II"]
[BlackTitle "II"]
[WhiteElo "1247"]
[BlackElo "1375"]

1. e4 e5 2. Nf3 Nc6 3. Bc4 Nf6 4. Nc3 Bc5 5. d3 h6 6. O-O d6 7. h3 O-O 8. Be3 Bb6
9. Re1 Na5 10. Bxb6 axb6 11. Bb3 Nxb3 12. axb3 Rxa1 13. Qxa1 Bd7 14. Qc1 Qc8 15.
Qe3 Nh5 16. Nd5 Re8 17. Nh2 Be6 18. Qf3 Bxd5 19. Qxh5 Bc6 20. Qf3 Re6 21. Ng4
Rg6 22. Ne3 Bd7 23. Nf5 Bxf5 24. Qxf5 Qxf5 25. exf5 Rf6 26. g4 g6 27. fxg6 Rxg6
28. Kh2 Re6 29. Ra1 Re7 30. Ra8+ Kg7 31. Rb8 c6 32. Rd8 d5 33. Ra8 e4 34. d4 e3
35. fxe3 Rxe3 36. Ra7 Re2+ 37. Kg3 Rxc2 38. Rxb7 b5 39. Rb6 Rxb2 40. Rxc6 Rxb3+
41. Kg2 Rb2+ 42. Kf3 b4 43. Rc5 b3 44. Rxd5 Rb1 45. Rb5 b2 46. Kg2 Kf8 47. h4
Ke7 48. g5 h5 49. Kf2 Rh1 50. Re5+ Kd6 51. Rf5 Rf1+ 52. Kxf1 b1=Q+ 53. Ke2 Qxf5
0-1

[Event "XXX Ogolnopolski Turniej Juniorow FERIE 2013"]
[Site "Bydgoszcz"]
[Date "1899-12-30"]
[Round "5.2"]
[White "Proczek, Mateusz"]
[Black "Dobosz, Kacper"]
[Result "0-1"]
[WhiteTitle "II"]
[BlackTitle "II"]
[WhiteElo "1554"]
[BlackElo "1609"]

1. e4 c5 2. Nf3 Nc6 3. d4 cxd4 4. Nxd4 g6 5. Nc3 Bg7 6. Be3 d6 7. Bc4 Nf6 8. f3
O-O 9. Qd2 Bd7 10. g4 a6 11. O-O-O Rc8 12. Nxc6 Bxc6 13. Bb3 b5 14. Bh6 a5 15.
h4 a4 16. Bd5 b4 17. Ne2 Bxd5 18. Bxg7 Kxg7 19. exd5 b3 20. Nc3 bxa2 21. Nxa2
Qc7 22. Nc3 a3 23. Na2 Qc4 24. Kb1 axb2 25. g5 Nxd5 26. Qd4+ Qxd4 27. Rxd4 Nc3+
28. Nxc3 Rxc3 29. Rd3 Rxd3 30. cxd3 Rb8 31. Rh3 Rb3 32. f4 e6 33. Rg3 Rb4 34.
Rh3 Rxf4 35. Kxb2 h6 36. gxh6+ Kxh6 37. Kc3 Kh5 0-1

[Event "XXX Ogolnopolski Turniej Juniorow FERIE 2013"]
[Site "Bydgoszcz"]
[Date "1899-12-30"]
[Round "5.3"]
[White "Mikolajczak, Wojciech"]
[Black "Kopaczewski, Adam"]
[Result "1-0"]
[WhiteTitle "II+"]
[BlackTitle "II"]
[WhiteElo "1738"]
[BlackElo "1456"]

1. c4 e5 2. Nc3 Nc6 3. g3 f5 4. d3 Nf6 5. Bg2 Bb4 6. Bd2 d6 7. Qa4 Bxc3 8. Bxc3
Bd7 9. Qb3 Qc8 10. Nf3 O-O 11. Ng5 Kh8 12. O-O h6 13. Nf3 f4 14. Nh4 Kh7 15. Qc2
Bf5 16. Nxf5 Qxf5 17. b4 Kh8 18. b5 Nd8 19. Qd1 Ng4 20. Bd2 c6 21. h3 Nf6 22.
Bb4 Nf7 23. g4 Qd7 24. bxc6 bxc6 25. e3 fxe3 26. fxe3 Ng5 27. Qe1 Rab8 28. Bc3
Ne6 29. Qg3 Nc5 30. Rad1 Na4 31. Ba1 Nc5 32. Qh4 Nh7 33. d4 exd4 34. Bxd4 Ne6
35. Bc3 Rxf1+ 36. Rxf1 Rf8 37. Rxf8+ Nexf8 38. Qxh6 Kg8 39. Qf4 Ne6 40. Qf5 Nhg5
41. h4 Nf7 42. Bxc6 Qxc6 43. Qxe6 Qf3 44. Qc8+ Kh7 45. Qf5+ Qxf5 46. gxf5 Nh6
47. e4 Ng4 48. Bd4 a6 49. Kg2 Kg8 50. Kg3 1-0

[Event "XXX Ogolnopolski Turniej Juniorow FERIE 2013"]
[Site "Bydgoszcz"]
[Date "1899-12-30"]
[Round "5.4"]
[White "Budnik, Mateusz"]
[Black "Okonski, Mateusz"]
[Result "1-0"]
[WhiteTitle "II"]
[BlackTitle "III"]
[WhiteElo "1698"]
[BlackElo "1579"]

1. f4 Nf6 2. b3 g6 3. Bb2 Bg7 4. e3 Nc6 5. Nf3 d5 6. Bb5 Bd7 7. O-O a6 8. Bxc6
Bxc6 9. Ne5 Qd6 10. d3 Nd7 11. Nc4 dxc4 12. Bxg7 Rg8 13. Bb2 cxd3 14. Qxd3 Qe6
15. Qe2 O-O-O 16. Nd2 Nb6 17. c4 g5 18. f5 Qh6 19. Nf3 Bxf3 20. Rxf3 g4 21. Rf4
Nd7 22. Rd1 e6 23. fxe6 Qxe6 24. Rdf1 Rdf8 25. Qf2 f5 26. Rd4 Ne5 27. Rd5 Ng6
28. Rxf5 Kb8 29. Bd4 Qe4 30. Rxf8+ Nxf8 31. Qxf8+ Rxf8 32. Rxf8+ 1-0

[Event "XXX Ogolnopolski Turniej Juniorow FERIE 2013"]
[Site "Bydgoszcz"]
[Date "1899-12-30"]
[Round "5.5"]
[White "Matewski, Marcin"]
[Black "Walczak, Mikolaj"]
[Result "1/2-1/2"]
[WhiteTitle "II+"]
[BlackTitle "III"]
[WhiteElo "1608"]
[BlackElo "1399"]

1. e4 c5 2. Nf3 e6 3. d4 cxd4 4. Nxd4 a6 5. Nc3 b5 6. a3 Bb7 7. Be3 Nf6 8. f3 Nc6
9. g3 Qc7 10. Bg2 Na5 11. Bf2 Nc4 12. Rb1 Nxa3 13. Ra1 Nc4 14. Ra2 d5 15. exd5
Nxd5 16. Nxd5 Bxd5 17. b3 Bb4+ 18. Ke2 Qe5+ 19. Kd3 Nb6 20. c3 Be7 21. f4 Qd6
22. Bxd5 Qxd5 23. Re1 Bf6 24. g4 O-O 25. h4 Nd7 26. Rb2 e5 27. fxe5 Nxe5+ 28.
Kc2 Nc6 29. g5 Nxd4+ 30. Bxd4 Bxd4 31. Qxd4 Qc6 32. Rbb1 Rfd8 33. Qe4 Qc5 1/2-1/2

[Event "XXX Ogolnopolski Turniej Juniorow FERIE 2013"]
[Site "Bydgoszcz"]
[Date "1899-12-30"]
[Round "5.6"]
[White "Paliwoda, Borys"]
[Black "Kowalski, Roman"]
[Result "1/2-1/2"]
[WhiteTitle "II"]
[BlackTitle "II"]
[WhiteElo "1481"]
[BlackElo "1602"]

1. e4 e5 2. Nf3 Nf6 3. Nxe5 d6 4. Nf3 Nxe4 5. d3 Nf6 6. Be2 Be7 7. O-O O-O 8. Nc3
Be6 9. Nd4 Bd7 10. Bf3 Nc6 11. Nxc6 Bxc6 12. Bxc6 bxc6 13. Re1 Nd7 14. Bf4 Rb8
15. Rb1 Bf6 16. Qd2 Ne5 17. Bxe5 Bxe5 18. d4 Bf6 19. Ne4 h6 20. c3 d5 21. Nxf6+
Qxf6 22. Re3 Rfe8 23. Rbe1 Rxe3 24. Rxe3 Qg6 25. Re1 a5 26. h3 a4 27. a3 Kh7 28.
Qe2 Qe4 29. Qd2 Qg6 30. Qe2 Qe4 31. Qd2 1/2-1/2

[Event "XXX Ogolnopolski Turniej Juniorow FERIE 2013"]
[Site "Bydgoszcz"]
[Date "1899-12-30"]
[Round "5.8"]
[White "Blocinski, Maciej"]
[Black "Szortyka, Dominik"]
[Result "1/2-1/2"]
[WhiteTitle "II"]
[BlackTitle "II"]
[WhiteElo "1375"]
[BlackElo "1541"]

1. d4 Nf6 2. c4 c5 3. d5 b5 4. cxb5 a6 5. bxa6 Bxa6 6. Nc3 d6 7. g3 g6 8. Bg2 Bg7
9. Nf3 O-O 10. O-O Nbd7 11. Re1 Qb6 12. h3 Rfb8 13. e4 Ne8 14. Qc2 Nc7 15. a4
Qb3 16. Qxb3 Rxb3 17. Nd2 Bxc3 18. bxc3 Rxc3 19. Kh2 Ne5 20. Bb2 Rc2 21. Bxe5
dxe5 22. Nf3 Rxf2 23. Nxe5 Rb2 24. Rec1 f6 25. Nd7 Bd3 26. Nxc5 Ba6 27. Nxa6 Nxa6
28. Rcb1 Rxb1 29. Rxb1 Nc5 30. e5 Rxa4 31. exf6 exf6 32. Rd1 Kf7 33. d6 Ra7 34.
Bd5+ Kf8 35. Bc6 Nd7 36. Bd5 Ne5 37. Rc1 Rd7 38. Rc8+ Kg7 39. Rc7 Kf8 1/2-1/2

[Event "XXX Ogolnopolski Turniej Juniorow FERIE 2013"]
[Site "Bydgoszcz"]
[Date "1899-12-30"]
[Round "5.9"]
[White "Perenc, Pawel"]
[Black "Wierzbowska, Aleksandra"]
[Result "1-0"]
[WhiteTitle "II"]
[BlackTitle "II"]
[WhiteElo "1519"]
[BlackElo "1490"]

1. d4 d5 2. c4 e6 3. Nc3 Nf6 4. Nf3 Be7 5. e3 O-O 6. Qc2 Nbd7 7. Bd3 dxc4 8. Bxc4
c6 9. O-O b5 10. Be2 Bb7 11. Rd1 Qb8 12. b3 Rd8 13. h3 a6 14. Bb2 c5 15. dxc5
Nxc5 16. Rxd8+ Qxd8 17. Rd1 Qc8 18. Rc1 Qc7 19. b4 Ncd7 20. Nd5 Qd8 21. Nxe7+
Qxe7 22. Qc7 Bxf3 23. Bxf3 Re8 24. a3 Qd8 25. Qxd8 Rxd8 26. Rd1 Re8 27. Bc6 Rd8
28. Bxf6 gxf6 29. Rxd7 Rc8 30. Bb7 Rc1+ 31. Kh2 Ra1 32. Bxa6 Rxa3 33. Bxb5 Rb3
34. Rd4 e5 35. Rc4 Kf8 36. e4 Rb2 37. f3 Ke7 38. Bc6 Kd8 39. b5 h6 40. Rc5 Kc7
41. Rd5 h5 42. Rd7+ Kb6 43. Rxf7 h4 44. Rxf6 Kc7 45. Rh6 Kb6 46. Rxh4 1-0

[Event "XXX Ogolnopolski Turniej Juniorow FERIE 2013"]
[Site "Bydgoszcz"]
[Date "1899-12-30"]
[Round "5.10"]
[White "Losinska, Aleksandra"]
[Black "Chalas, Dawid"]
[Result "0-1"]
[WhiteTitle "III"]
[BlackTitle "II"]
[WhiteElo "1190"]
[BlackElo "1343"]

1. e4 e5 2. Nf3 Nc6 3. d4 exd4 4. Nxd4 Bc5 5. Be3 Bb6 6. Nxc6 bxc6 7. Bd4 Nf6 8.
Nc3 O-O 9. Qd3 Bxd4 10. Qxd4 d6 11. Bd3 Be6 12. O-O c5 13. Qe3 Ng4 14. Qg3 Ne5
15. Be2 Bc4 16. Bxc4 Nxc4 17. b3 Nb6 18. Qd3 Qd7 19. Rad1 Qe7 20. Rfe1 h6 21.
Qg3 Rfe8 22. h3 a6 23. Nd5 Nxd5 24. exd5 Qxe1+ 25. Rxe1 Rxe1+ 26. Kh2 Rae8 27.
Qd3 R1e2 28. Kg3 h5 29. h4 g6 30. Qxa6 Rxc2 31. Qc6 Ree2 32. Qxc7 Rxf2 33. Qc8+
Kg7 34. Qh3 Rxa2 35. Kh2 Rxg2+ 36. Qxg2 Rxg2+ 37. Kxg2 Kf6 38. Kf3 Ke5 39. Ke3
Kxd5 40. Kd3 f6 0-1

[Event "XXX Ogolnopolski Turniej Juniorow FERIE 2013"]
[Site "Bydgoszcz"]
[Date "1899-12-30"]
[Round "5.11"]
[White "Napierala, Jakub"]
[Black "Wloch, Mikolaj"]
[Result "0-1"]
[WhiteTitle "III"]
[BlackTitle "III"]
[WhiteElo "1311"]
[BlackElo "1287"]

1. e4 c5 2. Nf3 d6 3. d4 cxd4 4. Nxd4 Nf6 5. Nc3 g6 6. Be3 Bg7 7. Bc4 O-O 8. O-O
Nc6 9. Nb3 Ng4 10. Qd2 Qc7 11. Bf4 Bxc3 12. Qxc3 Be6 13. h3 Bxc4 14. Qxc4 Nf6
15. Rfe1 Rfc8 16. Rad1 Qb6 17. Be3 Qb4 18. Rd4 Qxe1+ 0-1

[Event "XXX Ogolnopolski Turniej Juniorow FERIE 2013"]
[Site "Bydgoszcz"]
[Date "1899-12-30"]
[Round "5.13"]
[White "Borkowska, Zuzanna"]
[Black "Kulpinski, Jakub"]
[Result "1-0"]
[WhiteTitle "II"]
[BlackTitle "III"]
[WhiteElo "1247"]
[BlackElo "1406"]

1. e4 c5 2. Nf3 d6 3. d4 Nf6 4. Nc3 cxd4 5. Nxd4 g6 6. Bb5+ Bd7 7. Bxd7+ Qxd7 8.
O-O Bg7 9. b3 Nc6 10. Bb2 Rc8 11. Rb1 a6 12. Re1 b5 13. a3 O-O 14. Nde2 Nh5 15.
Nd5 Qb7 16. Bxg7 Nxg7 17. Ng3 f5 18. exf5 Nxf5 19. Nxf5 Rxf5 20. Ne3 Rf7 21. Ng4
Kg7 22. Qd2 Rcf8 23. Qh6+ Kg8 24. Qe3 Kg7 25. Qh6+ Kg8 26. Rf1 Nd4 27. Qe3 Nf5
28. Qc3 e5 29. Ne3 Nd4 30. Qd2 Rf4 31. c3 Qxg2+ 32. Kxg2 Nf3 33. Qxd6 Nh4+ 34.
Kh1 Nf3 35. Ng2 R8f6 36. Qd8+ Rf8 37. Qd3 R4f5 38. h4 Rh5 39. Qe3 Rf4 40. Nxf4
exf4 41. Qe8+ Kg7 42. Qe7+ Kg8 43. Qe8+ Kg7 44. Qd7+ Kh6 45. Qf7 Rxh4+ 46. Kg2
Ng5 47. Qf8+ Kh5 48. Rh1 f3+ 49. Kg3 Ne4+ 50. Kxf3 Nd2+ 51. Ke2 Nxb1 52. Rxh4+
Kxh4 53. Qh6+ Kg4 54. f3+ Kg3 55. Qc1 1-0